| 000 | 01119cam a2200325 i 4500 | ||
|---|---|---|---|
| 001 | 20620632 | ||
| 003 | OSt | ||
| 005 | 20230602113430.0 | ||
| 008 | 180808e201801 ke a 001 0aeng | ||
| 010 | _a 2018354515 | ||
| 020 | _a9789966096456 | ||
| 040 |
_aDLC _beng _erda _cDLC |
||
| 042 |
_alcode _apcc |
||
| 043 | _af-ke--- | ||
| 050 | 0 | 0 |
_aDT433.582.K47 _bK46 2018 |
| 100 | 1 |
_aKenyatta, Uhuru, _d1961- _eauthor. |
|
| 245 | 1 | 0 |
_aUhuru Kenyatta : _ba legacy of democracy and development / _cedited by Professor Peter Kagwanja. |
| 264 | 1 |
_aNairobi, Kenya : _bTafiti House Publishers, _cJanuary 2018. |
|
| 300 |
_axxxii, 412 pages : _bcolor illustrations ; _c25 cm |
||
| 336 |
_atext _btxt _2rdacontent |
||
| 337 |
_aunmediated _bn _2rdamedia |
||
| 338 |
_avolume _bnc _2rdacarrier |
||
| 500 | _aIncludes index. | ||
| 600 | 1 | 0 |
_aKenyatta, Uhuru, _d1961- |
| 650 | 0 |
_aPresidents _zKenya _vBiography. |
|
| 651 | 0 |
_aKenya _xPolitics and government. |
|
| 906 |
_a7 _bcbc _corigode _d2 _encip _f20 _gy-gencatlg |
||
| 942 |
_2ddc _cBK |
||
| 999 |
_c105 _d105 |
||